Deficit mäkkej moci v zahraničnej politike Číny
Problematika mäkkej moci, analýza jej postavenia a významu v zahraničnej politike Číny, popis kľúčových nedostatkov v jej realizácii. Mäkká moc v percepcii Západu a Východu. Čínska krajina zázrakov, čínska hrozba.
Salvato in:
| Autore principale: | |
|---|---|
| Natura: | Capitolo di libro |
| Lingua: | slovacco |
| Soggetti: | |
| Tags: |
Nessun Tag, puoi essere il primo ad aggiungerne!!
|
MARC
| LEADER | 00000nla$a2200000$$$4500 | ||
|---|---|---|---|
| 001 | 0127578 | ||
| 005 | 20240610131946.6 | ||
| 041 | 0 | |a slo | |
| 044 | |a SK | ||
| 245 | 1 | 0 | |a Deficit mäkkej moci v zahraničnej politike Číny |c Mária Fertaľová |
| 520 | |a Problematika mäkkej moci, analýza jej postavenia a významu v zahraničnej politike Číny, popis kľúčových nedostatkov v jej realizácii. Mäkká moc v percepcii Západu a Východu. Čínska krajina zázrakov, čínska hrozba. | ||
| 610 | 2 | 0 | |a Čína |
| 610 | 2 | 0 | |a moc politická |
| 610 | 2 | 0 | |a hodnota |
| 610 | 2 | 0 | |a politika zahraničná |
| 100 | 1 | |a Fertaľová, Mária | |